[Event "World Rapid Women 2025"]
[Site "Doha QAT"]
[Date "2025.12.27"]
[Round "7.16"]
[White "Mungunzul, Bat-Erdene"]
[Black "Injac, Teodora"]
[Result "1-0"]
[WhiteTitle "WIM"]
[BlackTitle "IM"]
[WhiteElo "2350"]
[BlackElo "2421"]
[WhiteFideId "4902831"]
[BlackFideId "932400"]
[EventDate "2025.12.26"]

1. d4 Nf6 2. c4 e6 3. Nf3 Bb4+ 4. Bd2 a5 5. g3 O-O 6. Bg2 d5 7. Qc2 c6 8. O-O
Nbd7 9. a3 Be7 10. Bf4 b6 11. Nbd2 Nh5 12. Ne5 Bb7 13. e4 Nxf4 14. gxf4 Rc8 15.
Qb3 Nf6 16. Rfd1 c5 17. dxc5 Bxc5 18. cxd5 exd5 19. Nd3 Be7 20. e5 Nd7 21. Nf1
Nc5 22. Nxc5 Bxc5 23. Bxd5 Bxd5 24. Qxd5 Qh4 25. Qf3 Rfd8 26. Ng3 Qh3 27. Rac1
h6 28. f5 Re8 29. Qf4 h5 30. f6 Qg4 31. Qxg4 hxg4 32. fxg7 Rxe5 33. b4 axb4 34.
axb4 Kxg7 35. bxc5 Rcxc5 36. Rxc5 bxc5 37. Nf1 f5 38. Ne3 Kf6 39. Kg2 Kg5 40.
Rd5 Rxd5 41. Nxd5 c4 42. Kg3 c3 43. Nxc3 f4+ 44. Kg2 Kh4 45. Ne4 f3+ 46. Kf1 Kh3
47. Ke1 Kxh2 48. Kd2 Kh3 49. Ke3 Kh4 50. Kf4 1-0

[Event "World Rapid Women 2025"]
[Site "Doha QAT"]
[Date "2025.12.27"]
[Round "7.17"]
[White "Shuvalova, Polina"]
[Black "Zhapova, Yana"]
[Result "1-0"]
[WhiteTitle "IM"]
[BlackTitle "FM"]
[WhiteElo "2502"]
[BlackElo "2260"]
[WhiteFideId "24171760"]
[BlackFideId "24278670"]
[EventDate "2025.12.26"]

1. e4 e5 2. Nf3 Nc6 3. Bc4 Nf6 4. d3 Be7 5. Nc3 d6 6. a3 O-O 7. h3 Be6 8. Nd5
Qd7 9. Ng5 Bxd5 10. exd5 Nd8 11. Ba2 h6 12. Nf3 c6 13. c4 cxd5 14. cxd5 Nh7 15.
Qe2 f5 16. Nxe5 dxe5 17. d6+ Kh8 18. dxe7 Qxe7 19. Bd2 Nc6 20. Bc3 Qd6 21. O-O
Rad8 22. Rfe1 Rfe8 23. Qh5 Rf8 24. Rad1 Ng5 25. f4 exf4 26. Re6 Qc5+ 27. Kh1 Nd4
28. Rg6 Nh7 29. Rf1 Qc7 30. Qh4 Rf6 31. Rxf6 Nxf6 32. Qxf4 Qxf4 33. Rxf4 Ne2 34.
Bxf6 gxf6 35. Rf3 f4 36. Kh2 b5 37. Rf2 Nc1 38. Bb1 Rd4 39. Rc2 Nb3 40. Rc8+ Kg7
41. Rc7+ Kg6 42. Rxa7 Nd2 43. Bc2 f3 44. Kg3 fxg2 45. Kxg2 f5 46. Kf2 Rf4+ 47.
Ke3 1-0

[Event "World Rapid Women 2025"]
[Site "Doha QAT"]
[Date "2025.12.27"]
[Round "7.18"]
[White "Savitha, Shri B"]
[Black "Vaishali, Rameshbabu"]
[Result "1/2-1/2"]
[WhiteTitle "IM"]
[BlackTitle "GM"]
[WhiteElo "2334"]
[BlackElo "2473"]
[WhiteFideId "35061887"]
[BlackFideId "5091756"]
[EventDate "2025.12.26"]

1. e4 e5 2. Nf3 Nc6 3. Nc3 Nf6 4. Bb5 Nd4 5. Bc4 Bc5 6. Nxe5 Qe7 7. Nf3 d5 8.
Bxd5 Nxd5 9. Nxd4 Bxd4 10. Nxd5 Qxe4+ 11. Qe2 Qxe2+ 12. Kxe2 Kd8 13. c3 Re8+ 14.
Ne3 Bxe3 15. dxe3 a5 16. b3 Ra6 17. Rd1+ Bd7 18. Bb2 Kc8 19. Rd4 Rg6 20. g3 Bc6
21. c4 Rf6 22. Rf4 Rxf4 23. gxf4 g6 24. Rd1 Rd8 25. Bd4 Rd6 26. a3 Be4 27. Rd2
f5 28. b4 axb4 29. axb4 Ra6 30. b5 Ra4 31. f3 Bb1 32. c5 c6 33. b6 Ra2 34. Bb2
Ra5 35. Bf6 Ra2 36. Rxa2 Bxa2 37. e4 Kd7 38. Ke3 Ke6 39. Bg5 Bb3 1/2-1/2

[Event "World Rapid Women 2025"]
[Site "Doha QAT"]
[Date "2025.12.27"]
[Round "7.19"]
[White "Rakshitta, Ravi"]
[Black "Dzagnidze, Nana"]
[Result "0-1"]
[WhiteTitle "WGM"]
[BlackTitle "GM"]
[WhiteElo "2381"]
[BlackElo "2469"]
[WhiteFideId "25073230"]
[BlackFideId "13601903"]
[EventDate "2025.12.26"]

1. e4 c5 2. Nf3 d6 3. d4 cxd4 4. Nxd4 Nf6 5. Nc3 a6 6. f3 e5 7. Nb3 Be6 8. Be3
h5 9. Qd2 Nbd7 10. Be2 Be7 11. Nd5 Nxd5 12. exd5 Bf5 13. c4 a5 14. Rc1 a4 15.
Na1 Qa5 16. Nc2 Bxc2 17. Rxc2 Bh4+ 18. g3 Bd8 19. Qxa5 Rxa5 20. Kf2 h4 21. Rb1
hxg3+ 22. hxg3 Ke7 23. Kg2 Bb6 24. Bg5+ f6 25. Bd2 Raa8 26. Bd3 Bd4 27. Bf5 Rh5
28. Bg6 Rhh8 29. b4 axb3 30. axb3 Ra3 31. b4 b6 32. Bf5 Rha8 33. Rbc1 Nf8 34. g4
Kf7 35. Kg3 Rb3 36. c5 bxc5 37. bxc5 dxc5 38. Rxc5 Bxc5 39. Rxc5 Ra7 40. g5 Rb6
41. Rc8 Rab7 42. Be3 Rb5 43. d6 fxg5 44. Bxg5 Nd7 45. Rc7 Rxc7 46. dxc7 Rc5 47.
Bxd7 Rxc7 48. Bf5 Rc4 49. Be4 Ke6 50. Kg4 Ra4 51. Kh5 Ra1 52. Kg6 Rg1 53. Bd3
Rg3 54. Bf5+ Kd5 55. Bc8 Kd4 56. Bb7 Kd3 57. Kf5 Ke2 58. Kxe5 Rxg5+ 59. Ke4 Kf2
60. f4 Ra5 61. f5 Kg3 62. Bc8 Kh4 63. Kf4 Ra8 64. Be6 Ra1 65. Bd7 Rf1+ 66. Ke4
Kg5 67. Be6 Re1+ 68. Kd4 Kf6 69. Bc8 Re5 0-1

[Event "World Rapid Women 2025"]
[Site "Doha QAT"]
[Date "2025.12.27"]
[Round "7.20"]
[White "Kiolbasa, Oliwia"]
[Black "Roebers, Eline"]
[Result "1/2-1/2"]
[WhiteTitle "IM"]
[BlackTitle "IM"]
[WhiteElo "2397"]
[BlackElo "2396"]
[WhiteFideId "1154613"]
[BlackFideId "1058401"]
[EventDate "2025.12.26"]

1. e4 Nf6 2. e5 Nd5 3. d4 d6 4. c4 Nb6 5. f4 dxe5 6. fxe5 Nc6 7. Be3 Bf5 8. Nc3
e6 9. Be2 Be7 10. Qd2 O-O 11. Nf3 f6 12. exf6 Bxf6 13. O-O h6 14. Rad1 Qe8 15.
c5 Nd5 16. Bb5 Qg6 17. Nxd5 exd5 18. Bxc6 bxc6 19. Bf4 Be4 20. Ne5 Qe8 21. Qa5
Bxe5 22. Bxe5 Qg6 23. Qd2 Rf7 24. Rxf7 Qxf7 25. Rf1 Qe7 26. Qf4 Rf8 27. Qxf8+
Qxf8 28. Rxf8+ Kxf8 29. Kf2 a5 30. Bxc7 a4 31. b4 axb3 32. axb3 Kf7 33. b4 Bd3
34. Ke3 Bb5 35. Kf4 Ke6 36. h4 Bc4 37. g4 Bb5 38. Be5 Kf7 39. Bd6 Ke6 40. g5 h5
41. Be5 g6 42. Bd6 1/2-1/2

[Event "World Rapid Women 2025"]
[Site "Doha QAT"]
[Date "2025.12.27"]
[Round "7.21"]
[White "Munkhzul, Turmunkh"]
[Black "Kulon, Klaudia"]
[Result "1/2-1/2"]
[WhiteTitle "WGM"]
[BlackTitle "IM"]
[WhiteElo "2271"]
[BlackElo "2335"]
[WhiteFideId "4901878"]
[BlackFideId "1131044"]
[EventDate "2025.12.26"]

1. d4 Nf6 2. Bf4 g6 3. e3 Bg7 4. Nf3 d6 5. h3 O-O 6. Nbd2 b6 7. Be2 Bb7 8. O-O
Nbd7 9. c3 e6 10. Qc2 Qe7 11. e4 e5 12. dxe5 dxe5 13. Be3 Nc5 14. Bxc5 Qxc5 15.
b4 Qe7 16. Bc4 Rad8 17. Rfe1 a6 18. Nf1 b5 19. Bb3 c5 20. a3 c4 21. Ba2 Rd3 22.
Ng3 Rfd8 23. Bb1 Bh6 24. Qb2 R3d7 25. Bc2 Bf4 26. Nf1 h5 27. a4 Kg7 28. axb5
axb5 29. Ra5 Bc6 30. Ra6 Rd6 31. Qa1 R8d7 32. Qa5 Rb7 33. Qa1 Bh6 34. Ng3 Ne8
35. Rd1 Re6 36. Nxe5 Rxe5 37. Rxc6 h4 38. Nf1 Nf6 39. f3 Nh5 40. Qa8 Ra7 41. Qc8
Qb7 42. Qxb7 Rxb7 43. Ra6 Ree7 44. Ra5 Bf4 45. Rd5 Be5 46. Rdxb5 Bxc3 47. Ba4
Rbc7 48. Kh2 f6 49. Bc2 Red7 50. Ra3 Be5+ 51. Kg1 Nf4 52. Rba5 Nd3 53. Bxd3 cxd3
54. Rd5 Bd4+ 55. Kh2 Rxd5 56. exd5 Bc3 57. d6 Be5+ 58. Kg1 Bxd6 59. Rxd3 Bxb4
60. Rd1 Rc2 61. Kh1 Re2 62. Rd7+ Kh6 63. Rd4 Be1 64. Nh2 f5 65. Rd1 Bg3 66. Nf1
Bf4 67. Rb1 g5 68. Rd1 Kh5 69. Rb1 Be5 70. Rd1 Kg6 71. Rb1 Kf6 72. Rc1 Ke6 73.
Rd1 Bd6 74. Nd2 Bf4 75. Nb3 Kf6 76. Nd4 Rb2 77. Re1 Bg3 78. Rc1 Ke5 79. Nc6+ Kf4
80. Ne7 Ke5 81. Nc6+ Kf6 82. Rd1 g4 83. fxg4 fxg4 84. hxg4 h3 85. gxh3 Kg5 86.
Rd5+ Kf4 87. Rf5+ Ke4 88. Kg1 Bd6 89. Na5 Rb4 90. Kf2 Rb2+ 91. Kf1 Rb4 92. Ke2
Rb2+ 93. Kd1 Rh2 94. Rh5 Bf4 95. Nb3 Rb2 96. Nc5+ Kf3 97. Rf5 Rd2+ 98. Kc1 Rd5+
99. Kc2 Rxf5 100. gxf5 Bg5 101. Ne6 Bf6 102. Kd3 Kg3 103. Ke4 Kxh3 104. Kf4 Kh4
105. Nc5 Kh5 106. Nd7 Bg7 107. Nb6 Kh6 108. Nc4 Bf6 109. Ke4 Kg7 110. Kd5 Kf7
111. Kd6 Bc3 112. Kd5 Bf6 113. Ke4 1/2-1/2

[Event "World Rapid Women 2025"]
[Site "Doha QAT"]
[Date "2025.12.27"]
[Round "7.22"]
[White "Beydullayeva, Govhar"]
[Black "Atalik, Ekaterina"]
[Result "0-1"]
[WhiteTitle "WGM"]
[BlackTitle "IM"]
[WhiteElo "2364"]
[BlackElo "2349"]
[WhiteFideId "13413015"]
[BlackFideId "4130189"]
[EventDate "2025.12.26"]

1. d4 d5 2. c4 c6 3. cxd5 cxd5 4. Bf4 Nc6 5. e3 Nf6 6. Bd3 e6 7. Nc3 Bd6 8. Bxd6
Qxd6 9. f4 O-O 10. Nf3 b6 11. O-O Bb7 12. Ne5 Ne7 13. Qf3 Rfc8 14. Rac1 Qb4 15.
f5 exf5 16. Bxf5 Nxf5 17. Qxf5 Qxb2 18. Rc2 Qa3 19. Rfc1 Rc7 20. Nd3 Qe7 21. Ne5
Rac8 22. Nb5 Rxc2 23. Rxc2 Rxc2 24. Qxc2 a6 25. Nc3 Qc7 26. Qb2 Ne4 27. Nxe4
dxe4 28. Qb3 h5 29. h3 Bc8 30. Qd5 Bb7 31. Qb3 b5 32. a3 Qe7 33. Qb4 Qg5 34. Qb3
Qe7 35. Qb4 Kf8 36. Nd7+ Ke8 37. Qxe7+ Kxe7 38. Nc5 Bc8 39. Nxe4 a5 40. Nc5 Be6
41. Kf2 h4 42. e4 Bc4 43. Ke3 b4 44. axb4 axb4 45. Na4 b3 46. Nb2 Bb5 47. g3
hxg3 48. Kf3 Bc6 49. d5 Bb5 50. Kxg3 Kd6 51. Kf4 Kc5 52. Ke3 Kb4 53. Kd4 g5 54.
e5 Bd7 55. Nd3+ Ka3 56. e6 fxe6 57. d6 b2 58. Nxb2 Kxb2 59. Ke5 Kc3 60. Kf6 Kd4
61. Ke7 Bc8 62. Kd8 Kd5 63. Kc7 e5 0-1

[Event "World Rapid Women 2025"]
[Site "Doha QAT"]
[Date "2025.12.27"]
[Round "7.23"]
[White "Vantika, Agrawal"]
[Black "Buksa, Nataliya"]
[Result "1/2-1/2"]
[WhiteTitle "IM"]
[BlackTitle "IM"]
[WhiteElo "2369"]
[BlackElo "2397"]
[WhiteFideId "25050389"]
[BlackFideId "14123622"]
[EventDate "2025.12.26"]

1. d4 d5 2. c4 e6 3. Nf3 Nf6 4. Nc3 Nbd7 5. Bg5 Be7 6. e3 h6 7. Bh4 O-O 8. Rc1
c5 9. cxd5 Nxd5 10. Bxe7 Nxe7 11. Be2 b6 12. O-O Bb7 13. dxc5 Nxc5 14. b4 Ne4
15. Nxe4 Bxe4 16. Qa4 a6 17. Rfd1 Qe8 18. Qxe8 Rfxe8 19. Ne5 a5 20. b5 Bd5 21.
Bf3 Rac8 22. Bxd5 Nxd5 23. Nc6 f5 24. f3 Nxe3 25. Ne7+ Kf8 26. Nxc8 Nxd1 27.
Nxb6 Ne3 28. Kf2 f4 29. Rc7 Re7 30. Rc8+ Kf7 31. Nc4 Nxc4 32. Rxc4 e5 33. Rc6
Rd7 34. Ke2 Rd4 35. b6 Ra4 36. Rc2 Rb4 37. Rc7+ Ke6 38. b7 g5 39. Kd3 Kd5 40.
Rh7 Rb6 41. Kc3 a4 42. h3 a3 43. Rxh6 Rxb7 44. Rg6 Rb2 45. Rxg5 Rxa2 46. Kb3 Ra1
47. h4 Kd4 48. h5 Kd5 49. h6 Rh1 50. Rg6 e4 51. fxe4+ Kxe4 52. Kxa3 Kf5 53. Rc6
Rh2 54. Rc5+ Kg4 55. Rc6 Kg5 56. Kb3 Rxg2 57. Kc3 Re2 58. Kd3 Re7 59. Rd6 f3 60.
h7 f2 61. Rf6 Rxh7 62. Rxf2 1/2-1/2

[Event "World Rapid Women 2025"]
[Site "Doha QAT"]
[Date "2025.12.27"]
[Round "7.24"]
[White "Pham, Le Thao Nguyen"]
[Black "Nurgaliyeva, Zarina"]
[Result "1/2-1/2"]
[WhiteTitle "IM"]
[BlackTitle "WIM"]
[WhiteElo "2348"]
[BlackElo "2305"]
[WhiteFideId "12401226"]
[BlackFideId "13730096"]
[EventDate "2025.12.26"]

1. d4 Nf6 2. Nf3 e6 3. Bf4 d5 4. e3 c5 5. c3 Nc6 6. Nbd2 Bd6 7. Bg3 O-O 8. Bd3
Qe7 9. Ne5 Bxe5 10. dxe5 Nd7 11. f4 f6 12. Nf3 f5 13. Bh4 Qe8 14. Rg1 Nb6 15. g4
g6 16. Qe2 d4 17. gxf5 exf5 18. exd4 cxd4 19. cxd4 Be6 20. a3 Qd7 21. Qf2 Bd5
22. Nd2 Be6 23. Nf3 Bd5 24. Nd2 Be6 25. Nf3 1/2-1/2

[Event "World Rapid Women 2025"]
[Site "Doha QAT"]
[Date "2025.12.27"]
[Round "7.25"]
[White "Salimova, Nurgyul"]
[Black "Rudzinska, Michalina"]
[Result "0-1"]
[WhiteTitle "IM"]
[BlackTitle "WGM"]
[WhiteElo "2396"]
[BlackElo "2206"]
[WhiteFideId "2915138"]
[BlackFideId "1172883"]
[EventDate "2025.12.26"]

1. d4 d5 2. c4 e6 3. Nf3 Nf6 4. g3 Ne4 5. Bg2 Be7 6. Nfd2 f5 7. Nxe4 fxe4 8. f3
exf3 9. Bxf3 O-O 10. O-O dxc4 11. Nc3 Nc6 12. e3 e5 13. d5 Nb4 14. b3 Bh3 15.
Rf2 Nd3 16. Rd2 Bb4 17. Rxd3 cxd3 18. Ne4 Qe7 19. Bb2 Bc5 20. Kh1 Bxe3 21. a4
Qf7 0-1

[Event "World Rapid Women 2025"]
[Site "Doha QAT"]
[Date "2025.12.27"]
[Round "7.26"]
[White "Khafizova, Diana"]
[Black "Danielian, Elina"]
[Result "0-1"]
[WhiteTitle "WFM"]
[BlackTitle "GM"]
[WhiteElo "2234"]
[BlackElo "2408"]
[WhiteFideId "34378049"]
[BlackFideId "13300210"]
[EventDate "2025.12.26"]

1. d4 d6 2. Nf3 g6 3. g3 Bg7 4. Bg2 Nd7 5. O-O e5 6. e4 Ngf6 7. Nc3 O-O 8. h3 a6
9. a4 exd4 10. Nxd4 Re8 11. Re1 Rb8 12. Be3 Ne5 13. b3 c5 14. Nf3 Nxf3+ 15. Qxf3
b5 16. Bg5 h6 17. Bxf6 Qxf6 18. Qxf6 Bxf6 19. Nd5 Bxa1 20. Rxa1 Kg7 21. axb5
axb5 22. Ra7 Be6 23. Ne3 Ra8 24. Rb7 Reb8 25. Rc7 Kf8 26. f4 Ra1+ 27. Kf2 Ra2
28. Kg1 c4 29. bxc4 Bxc4 30. Rc6 Ke7 31. f5 g5 32. Rc7+ Kd8 33. Rc6 Kd7 34. e5
dxe5 35. Rxh6 Ke7 36. Rc6 Rd8 37. f6+ Ke8 38. h4 gxh4 39. gxh4 Ra1+ 40. Kh2 Rd4
41. Nf5 Rd2 42. Nd6+ Kd7 43. Nxc4 bxc4 44. Rxc4 Re1 45. h5 Ree2 46. Rg4 Rf2 47.
h6 Rxf6 48. Rh4 Rg6 49. h7 Rdxg2+ 50. Kh1 Rg1+ 51. Kh2 R6g2+ 52. Kh3 Rh1+ 0-1

[Event "World Rapid Women 2025"]
[Site "Doha QAT"]
[Date "2025.12.27"]
[Round "7.27"]
[White "Olde, Margareth"]
[Black "Mkrtchian, Lilit"]
[Result "0-1"]
[WhiteTitle "WIM"]
[BlackTitle "IM"]
[WhiteElo "2214"]
[BlackElo "2366"]
[WhiteFideId "4503082"]
[BlackFideId "13300601"]
[EventDate "2025.12.26"]

1. d4 Nf6 2. c4 e6 3. Nf3 b6 4. g3 Ba6 5. b3 Bb4+ 6. Bd2 Be7 7. Bg2 O-O 8. O-O
d5 9. cxd5 exd5 10. Nc3 Re8 11. Qc2 Nbd7 12. Bf4 Nf8 13. Ne5 Bb7 14. Nb5 Ne6 15.
Nc6 Qd7 16. Nbxa7 Rxa7 17. Nxa7 Ra8 18. Bh3 c5 19. dxc5 bxc5 20. b4 cxb4 21.
Rac1 Rxa7 22. Rfd1 Ra8 23. Be5 h6 24. Qb2 Qb5 25. e3 Ng5 26. Bg2 Nge4 27. Rc7
Bd8 28. Rc2 Be7 29. Rc7 Bd8 30. Rc2 Qb6 31. Bd4 Qd6 32. Be5 Qe7 33. Bd4 Ba6 34.
f3 Ng5 35. Bc5 Qe6 36. h4 Ngh7 37. Qxb4 Bc7 38. Kh2 Nh5 39. f4 N7f6 40. Bd4 Ng4+
41. Kg1 Nxe3 42. Bxe3 Qxe3+ 43. Rf2 Bb6 44. Qd2 Nxg3 45. Qxe3 Bxe3 46. Bxd5 Rb8
47. Kg2 Bxf2 48. Kxf2 Nf5 49. h5 Rb2+ 50. Kg1 Ne3 51. Rd4 Nxd5 52. Rxd5 Rxa2 53.
Rc5 Be2 54. Re5 Bg4 0-1

[Event "World Rapid Women 2025"]
[Site "Doha QAT"]
[Date "2025.12.27"]
[Round "7.28"]
[White "Maltsevskaya, Aleksandra"]
[Black "Wang, Chuqiao"]
[Result "1-0"]
[WhiteTitle "IM"]
[BlackTitle "WIM"]
[WhiteElo "2398"]
[BlackElo "2235"]
[WhiteFideId "24174041"]
[BlackFideId "8631638"]
[EventDate "2025.12.26"]

1. e4 e6 2. Qe2 c5 3. g3 d5 4. exd5 Qxd5 5. Nf3 Nc6 6. Nc3 Qd8 7. Bg2 Nf6 8. O-O
Be7 9. b3 O-O 10. Bb2 Rb8 11. d4 cxd4 12. Nb5 b6 13. Nfxd4 Nxd4 14. Nxd4 Bb7 15.
Nc6 Bxc6 16. Bxc6 Qc7 17. Bf3 Rbd8 18. c4 Bc5 19. Rfd1 Qe7 20. Kg2 Ba3 21. Bc3
Bb4 22. Be5 h6 23. Rxd8 Rxd8 24. Rd1 Bd6 25. Bb2 Bc5 26. h4 Rxd1 27. Qxd1 e5 28.
Bd5 Nxd5 29. Qxd5 e4 30. Be5 e3 31. fxe3 Bxe3 32. Qa8+ Qf8 33. Qxa7 f6 34. Bc7
Qe7 35. Qb7 Bc5 36. Qd5+ Kh8 37. Qd8+ Qxd8 38. Bxd8 Kg8 39. b4 Bxb4 40. Bxb6 Kf7
41. a4 Ke6 42. a5 Kd7 43. a6 Kc6 44. a7 Kb7 45. c5 Ka8 46. c6 Bd6 47. c7 Bxc7
48. Bxc7 g5 49. h5 f5 50. Bd8 Kxa7 51. Bxg5 1-0

[Event "World Rapid Women 2025"]
[Site "Doha QAT"]
[Date "2025.12.27"]
[Round "7.29"]
[White "Nurman, Alua"]
[Black "Iudina, Veronika"]
[Result "1-0"]
[WhiteTitle "WGM"]
[BlackTitle "WFM"]
[WhiteElo "2367"]
[BlackElo "2204"]
[WhiteFideId "13729390"]
[BlackFideId "24277916"]
[EventDate "2025.12.26"]

1. e4 e5 2. Nf3 Nc6 3. Bb5 a6 4. Ba4 Nf6 5. O-O Be7 6. Re1 b5 7. Bb3 d6 8. c3
Na5 9. Bc2 c5 10. d4 cxd4 11. cxd4 Bg4 12. dxe5 Bxf3 13. Qxf3 dxe5 14. Nc3 Qc7
15. Bg5 O-O 16. Rac1 Nc6 17. Nd5 Qd6 18. Rcd1 Nd4 19. Rxd4 exd4 20. Nxe7+ Qxe7
21. e5 Qb4 22. Rf1 Rac8 23. Bd3 Nd7 24. Qf5 g6 25. Qxd7 Qxb2 26. e6 Qxa2 27. e7
Rfe8 28. Qxd4 Qe6 29. h4 Rc6 30. Qd8 Rc8 31. Qd4 Rc6 32. Be4 Rd6 33. Qb4 f6 34.
Bf4 Rd7 35. Re1 Kg7 36. Bxg6 Qxe1+ 37. Qxe1 Rdxe7 38. Qa5 hxg6 39. Qxa6 b4 40.
Qb6 Re1+ 41. Kh2 R1e4 42. g3 R8e6 43. Qb5 Re2 44. Kg2 R2e4 45. Bd6 Re2 46. Qd7+
Kg8 47. Bxb4 R2e4 48. Bc5 R6e5 49. Bd4 Re6 50. Kf3 Re1 51. Be3 Re5 52. Qb7 Rf5+
53. Kg2 Ra1 54. Bd4 Raa5 55. Qc8+ Kg7 56. Qc7+ Kh6 57. Bxf6 Rac5 58. Qg7+ Kh5
59. Qh7+ Kg4 60. Qxg6+ 1-0

[Event "World Rapid Women 2025"]
[Site "Doha QAT"]
[Date "2025.12.27"]
[Round "7.30"]
[White "Mkrtchyan, Mariam"]
[Black "Tokhirjonova, Gulrukhbegim"]
[Result "0-1"]
[WhiteTitle "WIM"]
[BlackTitle "IM"]
[WhiteElo "2353"]
[BlackElo "2372"]
[WhiteFideId "13310828"]
[BlackFideId "14203626"]
[EventDate "2025.12.26"]

1. d4 Nf6 2. c4 e6 3. Nf3 d5 4. Nc3 Bb4 5. Bg5 h6 6. Bxf6 Qxf6 7. e3 O-O 8. Rc1
Nc6 9. h3 a6 10. a3 Bxc3+ 11. Rxc3 dxc4 12. Bxc4 e5 13. dxe5 Nxe5 14. Nxe5 Qxe5
15. O-O Bf5 16. Qb3 Rab8 17. Rd1 c6 18. Qb6 Qe7 19. Re1 Rfd8 20. e4 Be6 21. Bf1
Rbc8 22. b4 Rd2 23. f4 Rcd8 24. Qe3 Qh4 25. Rcc1 Rb2 26. f5 Bc8 27. Red1 Re8 28.
Qd4 Ra2 29. e5 Qxd4+ 30. Rxd4 Bxf5 31. Rc3 Rxe5 32. Rd8+ Kh7 33. Bc4 Ra1+ 34.
Kh2 Re7 35. Rf3 Be6 36. Re3 Rc1 37. Bb3 h5 38. Bd1 g6 39. Bb3 Kg7 40. Bxe6 Rxe6
41. Rxe6 fxe6 42. Rd7+ Kf6 43. Rxb7 Rc3 44. a4 Rc4 45. Rb6 Ke5 46. Rxa6 Rxb4 47.
Rxc6 Rxa4 48. Kg3 h4+ 49. Kf3 Ra3+ 50. Kf2 Kf5 51. Rc4 g5 52. Rc5+ e5 53. Rb5
Kf4 54. Rb4+ e4 55. Rb2 Rd3 56. Rb8 Rd2+ 57. Kf1 Kg3 58. Rb3+ Kh2 59. Re3 Rxg2
60. Rxe4 Kxh3 61. Re3+ Rg3 62. Re2 Ra3 0-1

[Event "World Rapid Women 2025"]
[Site "Doha QAT"]
[Date "2025.12.27"]
[Round "7.31"]
[White "Charkhalashvili, Inga"]
[Black "Yip, Carissa"]
[Result "0-1"]
[WhiteTitle "WGM"]
[BlackTitle "IM"]
[WhiteElo "2235"]
[BlackElo "2459"]
[WhiteFideId "13601431"]
[BlackFideId "2090732"]
[EventDate "2025.12.26"]

1. d4 g6 2. Nf3 Bg7 3. Bf4 d6 4. e3 Nf6 5. c3 O-O 6. h3 Nfd7 7. Be2 e5 8. Bh2
Nc6 9. Nbd2 f5 10. dxe5 dxe5 11. Nc4 Qe7 12. O-O g5 13. e4 f4 14. Nfd2 a5 15. a4
Nf6 16. Qb3 Kh8 17. Qa3 Qe8 18. f3 h5 19. Kf2 Rf7 20. Ke1 Be6 21. Bg1 b6 22. Qb3
Nd7 23. Qc2 Bf8 24. Na3 Rd8 25. Nb3 Rg7 26. Nb5 Qf7 27. Nc1 Nc5 28. Rb1 Qd7 29.
b3 Kg8 30. Rb2 Be7 31. Bf2 g4 32. hxg4 hxg4 33. b4 axb4 34. cxb4 Na6 35. Bc4
Naxb4 36. Bxe6+ Qxe6 37. Qb3 Qxb3 38. Rxb3 g3 39. Bg1 Bf8 40. Ke2 Rgd7 41. Rb2
Na5 42. Nxc7 Nc4 43. Ne6 Rd2+ 44. Rxd2 Rxd2+ 0-1

[Event "World Rapid Women 2025"]
[Site "Doha QAT"]
[Date "2025.12.27"]
[Round "7.32"]
[White "Krush, Irina"]
[Black "Gaal, Zsoka"]
[Result "1-0"]
[WhiteTitle "GM"]
[BlackTitle "IM"]
[WhiteElo "2402"]
[BlackElo "2374"]
[WhiteFideId "2012782"]
[BlackFideId "777765"]
[EventDate "2025.12.26"]

1. d4 d5 2. c4 dxc4 3. Nf3 Nf6 4. e3 e6 5. Bxc4 c5 6. O-O Be7 7. dxc5 Qxd1 8.
Rxd1 Bxc5 9. Nbd2 O-O 10. Nb3 Be7 11. Nfd4 a6 12. Bd2 e5 13. Nf3 e4 14. Ne5 Ng4
15. Bc3 Bf6 16. Nxf7 Bxc3 17. bxc3 Nc6 18. Ne5+ Kh8 19. Nxc6 bxc6 20. Nc5 a5 21.
Nxe4 Bf5 22. Nd6 Bg6 23. Rd2 h5 24. h3 Ne5 25. Be2 a4 26. Nc4 Nxc4 27. Bxc4 Ra5
28. a3 Rc5 29. Rd4 Bc2 30. Rc1 Bf5 31. Be2 Rb8 32. Rxa4 Rb2 33. Bxh5 Bc2 34.
Rxc2 Rb1+ 35. Kh2 Rxh5 36. Rc4 c5 37. a4 Kh7 38. Rd2 Ra1 39. g4 Re5 40. Kg2 g5
41. Rd6 Ra2 42. Kg3 Kg7 43. Rc6 Rd5 44. R6xc5 1-0

[Event "World Rapid Women 2025"]
[Site "Doha QAT"]
[Date "2025.12.27"]
[Round "7.33"]
[White "Toncheva, Nadya"]
[Black "Bivol, Alina"]
[Result "0-1"]
[WhiteTitle "FM"]
[BlackTitle "IM"]
[WhiteElo "2362"]
[BlackElo "2360"]
[WhiteFideId "2924056"]
[BlackFideId "4100123"]
[EventDate "2025.12.26"]

1. d4 e6 2. c4 d5 3. Nc3 c6 4. e3 f5 5. Nh3 Nf6 6. Bd3 Be7 7. O-O O-O 8. f3 c5
9. Nf4 Nc6 10. cxd5 exd5 11. Ncxd5 Nxd5 12. Bc4 Kh8 13. Bxd5 cxd4 14. exd4 Bf6
15. Kh1 Nxd4 16. Be3 Nc6 17. Qb3 Be5 18. Rad1 Qf6 19. Nd3 Bc7 20. Bf4 Bb6 21.
Rfe1 Ba5 22. Bd2 Bc7 23. Bc3 Qh4 24. f4 h6 25. Bxc6 bxc6 26. Qb4 Rg8 27. Re7 Ba5
28. Qd6 Bxc3 29. bxc3 Ba6 30. Ne5 Qh5 31. Re1 Rab8 32. Nd7 Rb2 33. Nc5 Bc4 34.
Qxc6 Rxa2 35. Re8 Rxe8 36. Rxe8+ Kh7 37. Re1 Qh4 38. Qe8 Bd5 39. Rg1 Qf2 0-1

[Event "World Rapid Women 2025"]
[Site "Doha QAT"]
[Date "2025.12.27"]
[Round "7.34"]
[White "Yu, Jennifer"]
[Black "Kaliakhmet, Elnaz"]
[Result "1-0"]
[WhiteTitle "FM"]
[BlackTitle "WIM"]
[WhiteElo "2276"]
[BlackElo "2329"]
[WhiteFideId "2078341"]
[BlackFideId "13730169"]
[EventDate "2025.12.26"]

1. c4 e6 2. Nc3 d5 3. d4 a6 4. cxd5 exd5 5. Bf4 Nf6 6. e3 Bd6 7. Bg5 Be6 8. Bd3
Nbd7 9. Nf3 O-O 10. O-O c6 11. Rb1 Qc7 12. Re1 Bg4 13. h3 Bh5 14. e4 dxe4 15.
Nxe4 Nxe4 16. Bxe4 Bg6 17. Bxg6 hxg6 18. d5 cxd5 19. Qxd5 Nf6 20. Qd4 Bc5 21.
Qh4 Nh7 22. b4 Bd6 23. Rbc1 Qb6 24. Rc4 Rac8 25. Rd4 Bb8 26. Rde4 Qc6 27. Re7
Rce8 28. Qe4 Qxe4 29. R1xe4 Rd8 30. g3 Rd3 31. Re3 Rd1+ 32. Kg2 b5 1-0

[Event "World Rapid Women 2025"]
[Site "Doha QAT"]
[Date "2025.12.27"]
[Round "7.35"]
[White "Omonova, Umida"]
[Black "Mamedjarova, Zeinab"]
[Result "1-0"]
[WhiteTitle "WIM"]
[BlackTitle "WGM"]
[WhiteElo "2294"]
[BlackElo "2155"]
[WhiteFideId "14210363"]
[BlackFideId "13401521"]
[EventDate "2025.12.26"]

1. e4 d5 2. exd5 Qxd5 3. Nc3 Qd8 4. d4 Nf6 5. Nf3 Bg4 6. h3 Bh5 7. Be2 e6 8. O-O
Be7 9. Ne5 Bxe2 10. Qxe2 c6 11. Be3 O-O 12. Rad1 Nbd7 13. Rfe1 a5 14. a3 a4 15.
Bf4 Nb6 16. Bg3 Nbd5 17. Nb1 Qa5 18. c4 Nb6 19. Nd2 c5 20. dxc5 Qxc5 21. Ne4
Nxe4 22. Qxe4 Qc8 23. Rd3 Bf6 24. Rc1 Ra5 25. Rf3 Rc5 26. Rxf6 gxf6 27. Qg4+ Kh8
28. Bh4 Nd5 29. cxd5 Rxc1+ 30. Kh2 Qd8 31. Qf4 Kg7 32. Ng4 1-0